000 00440nam a2200181Ia 4500
001 18524
005 20260306171637.0
008 260306s9999||||xx |||||||||||||| ||und||
041 _aESP
082 _a658.4063
_bA32
100 _aAguilar, Anuor
_eAUT
245 0 _aMutágenus:
_bel gen mutante de la innovación
260 _c2016
300 _a200 páginas :
_c24 cm.
650 _aGEN
654 _aCAN
942 _cLIB
_dJUS
_fJUS
_2ddc
_n
999 _c18524
_d18524